zpět

Detail výsledku týmu

D9vítka, Šumperk

Datum a čas kvízu

20.5 Celkem bodů Celkový počet nahraných bodů na tomto kvízu bez doplňovacích otázek.
4. Pořadí na kvízu Konečné umístění týmu na tomto kvízu.

Zaznamenané odpovědi

# Otázka Odpověď Body Výsledky
1. Společnost Staropramen minulý... Pardubice 0
2. V úterý překročil podle Organi... 8 miliard 1
3. Letošní vyhlašování hudebních... Taylor Swift 0
4. V úterý a ve středu se konal s... Bali 0
5. Hokejová Sparta Praha má novéh... Miloslav Hořava 0
6. Jméno Dukla je v českém prostř... Ludvík Svoboda 1
7. Nejslavnějším atletem Dukly Pr... A 1
8. Fotbalisté Dukly Praha Ivo Vik... v Bělehradu 0
9. Dvoudílný televizní film David... Havířov 0
10. Svatý Jan z Dukly byl františk... Polsko 1